LEADER 02549nam 2200397 n 450 001 996393040603316 005 20200824121904.0 035 $a(CKB)4940000000111038 035 $a(EEBO)2240951608 035 $a(UnM)99867980e 035 $a(UnM)99867980 035 $a(EXLCZ)994940000000111038 100 $a19940606d1655 uy | 101 0 $aeng 135 $aurbn||||a|bb| 200 00$aSha?ar HaShini ?o Petach Taphnimu ?el LeShon HaKodesh The second gate, or The inner door to the holy tongue$b[electronic resource] $eBeing a compendious Hebrew lexicon or dictionary; in which all the roots and primitive words in the Bible, both Hebrew and Chaldee, are orderly set down, and numbred, and their significations expressed, in each several conjugation, wherein they are found extant in the Bible; with all the derivative nouns, and their significations taken from the roots; together with so much praxis, or so many places of the Hebrew text, so easily resolved in English, and with such easie directions for learning the language, as that any knowing Christian, man or woman, of ordinary capacity, making use of the former grammar, and this dictionary, with the praxis joined to both, may learn to read and understand the Hebrew Bible; and that without a teacher see what is in the book more fully in the following page. /$fBy William Robertson, Master of Arts, from the University at Edenburgh, and now residing at London 210 $aLondon, $cPrinted by Evan Tyler, for Humph. Robinson, at the three Pigeons in St. Pauls Church-yard, and for G. Sawbridge at the Bible on Ludgate hill; at whose shops the books are to be sold, and any may know where the author himself stayeth$d[1655] 215 $a[26], 551, [1] p 300 $aFirst words of title are in Hebrew. 300 $aPublication date from Wing. 300 $aAnnotation on Thomason copy: June: 8: 1655.". 300 $aReproduction of the original in the British Library. 330 $aeebo-0018 606 $aDictionaries, Hebrew$vEarly works to 1800 606 $aHebrew language$xStudy and teaching$vEarly works to 1800 615 0$aDictionaries, Hebrew 615 0$aHebrew language$xStudy and teaching 700 $aRobertson$b William$fd. 1686?$01006074 801 0$bCu-RivES 801 1$bCu-RivES 801 2$bCStRLIN 801 2$bWaOLN 906 $aBOOK 912 $a996393040603316 996 $aSha?ar HaShini ?o Petach Taphnimu ?el LeShon HaKodesh The second gate, or The inner door to the holy tongue$92377139 997 $aUNISA LEADER 01381nam a2200313 i 4500 001 991001981109707536 005 20020507154825.0 008 000512s1981 it 000 0 ita d 035 $ab11591997-39ule_inst 035 $aLE02728454$9ExL 040 $aDip.to Studi Giuridici$bita 082 0 $a340.1 082 4$a349.2001 100 1 $aKelsen, Hans$034200 245 03$aLa giustizia costituzionale /$cHans Kelsen ; a cura di Carmelo Geraci ; premessa di Antonio La Pergola 260 $aMilano :$bA. Giuffrè,$cstampa 1981 300 $axi, 313 p. ;$c22 cm 490 0 $aCiviltà del diritto ;$v41 700 1 $aLa Pergola, Antonio 700 1 $aGeraci, Carmelo 907 $a.b11591997$b01-03-17$c02-07-02 912 $a991001981109707536 945 $aLE029 340 CdD 41$g1$i2029000007756$lle029$op$pE14.46$q-$rn$so $t0$u0$v0$w0$x0$y.i1437576x$z22-02-07 945 $aLE027 340.10 CDI01.41$cC. 2$g1$i2027000205943$lle027$o-$pE0.00$q-$rl$s- $t0$u1$v0$w1$x0$y.i11802212$z02-07-02 945 $aLE027 340.10 CDI01.41$cC. 1$g1$i2027000161454$lle027$o-$pE0.00$q-$rl$s- $t0$u4$v2$w4$x0$y.i11802224$z02-07-02 945 $aLE027 340.10 CDI01.41$cC. 3$g1$i2027000161447$lle027$o-$pE0.00$q-$rl$s- $t0$u2$v0$w2$x0$y.i1442924x$z20-04-07 996 $aGiustizia costituzionale$965726 997 $aUNISALENTO 998 $a(2)le029$a(3)le027$b01-01-00$cm$da $e-$fita$git $h3$i5 LEADER 02177nam 2200457 450 001 9910138262303321 005 20230920194008.0 010 $a953-51-4490-1 035 $a(CKB)3230000000075686 035 $a(NjHacI)993230000000075686 035 $a(oapen)https://directory.doabooks.org/handle/20.500.12854/42304 035 $a(EXLCZ)993230000000075686 100 $a20221021d2011 uy 0 101 0 $aeng 135 $aur||||||||||| 181 $ctxt$2rdacontent 182 $cc$2rdamedia 183 $acr$2rdacarrier 200 00$aBiotechnology of biopolymers /$fedited by Magdy Elnashar 210 $cIntechOpen$d2011 210 1$aRijeka, Croatia :$cIntechOpen,$d[2011] 210 4$d©2011 215 $a1 online resource (378 pages) $cillustrations 311 $a953-307-179-6 320 $aIncludes bibliographical references. 330 $aThe book “Biotechnology of Biopolymers” comprises 17 chapters covering occurrence, synthesis, isolation and production, properties and applications, biodegradation and modification, the relevant analysis methods to reveal the structures and properties of biopolymers and a special section on the theoretical, experimental and mathematical models of biopolymers. This book will hopefully be supportive to many scientists, physicians, pharmaceutics, engineers and other experts in a wide variety of different disciplines, in academia and in industry. It may not only support research and development but may be also suitable for teaching. Publishing of this book was achieved by choosing authors of the individual chapters for their recognized expertise and for their excellent contributions to the various fields of research. 606 $aBiopolymers$xBiotechnology 610 $aPhysical Sciences 610 $aEngineering and Technology 610 $aMaterials Science 610 $aPolymers 610 $aBiomaterials 615 0$aBiopolymers$xBiotechnology. 676 $a660.6 702 $aElnashar$b Magdy 801 0$bNjHacI 801 1$bNjHacl 906 $aBOOK 912 $a9910138262303321 996 $aBiotechnology of Biopolymers$92276316 997 $aUNINA